Où sont les femmes trans ? - Mort subite - Statistiques

Statistiques générales
  • Ce quiz a été pris 338 fois
  • Le résultat moyen est 3 sur 12
Answers on the Grid
Answers color-coded by a green-red scale on the quiz's grid according to % correct below.
BolyaiAnna / punkfrancais
Chelsea Manning
Laverne Cox
Caitlyn Jenner
Karla Sofia Gascón
Marie Cau
Lili Elbe (The Danish Girl)
Madeline (Celeste)
Birdo (Mario/Yoshi)
Lana Wachowski
Lilly Wachowski
Chevalier d'Éon
Loki
Ranma 1/2
Elliot Page
Conchita Wurst
Mia Khalifa
Christine and the Queens
Brigitte Macron
J. K. Rowling
Imane Khelif
Bilal Hassani
Wonder Woman
George Sand
 
Statistiques - réponses
Réponse % Correct
Malheureusement on ne choisit pas toujours ses coéquipières Caitlyn Jenner
51%
Lana et Lilly ont notamment réalisé Matrix, film préféré des mascus Lilly Wachowski
32%
Avec sa sœur Lilly, elles forment un duo de réalisatrices célèbres Lana Wachowski
30%
Première actrice trans nommée aux Oscars, pour Emilia Pérez Karla Sofia Gascón
28%
Elle s'est faite connaître dans la série Orange is the New Black Laverne Cox
28%
Première femme transgenre à avoir changé de sexe en 1922 Lili Elbe (The Danish Girl)
26%
D'après Nintendo, Birdo est un mâle qui veut être genré au féminin Birdo (Mario/Yoshi)
19%
Première femme transgenre élue maire en France, en 2020 Marie Cau
19%
Elle a révélé les exactions américaines sur les civils en Irak Chelsea Manning
17%
L'identité de Madeline en a fait une icône de la communauté trans Madeline (Celeste)
16%
2e créatrice sur JetPunk mais 2e parmi les femmes trans 😭 BolyaiAnna / punkfrancais
14%
Elle a été officiellement reconnue femme par Louis XVI Chevalier d'Éon
12%
Aucun quiz correspondant
Distribution des résultats
% des personnes avec chaque résultat
Percentile par nombre de réponses
Votre historique - résultats
Vous n’avez pas pris ce quiz